00331nam a2200145Ia 4500003000900000008004100009040001300050040001300063245005600076245001100132250001200143260001600155300000800171490000600179IT-RoPAU120407s9999 xx 000 0 und d aIT-RoPAU cIT-RoPAU aAtlante storico. Evo antico, Medio evo, Evo moderno cAA.VV. aNovara  aDe Agostini c cm v1